| 000 | 00475cam a2200181ua 4500 | ||
|---|---|---|---|
| 001 | 10257 | ||
| 008 | 171109n ii |||gr||||Z||||||asm | ||
| 040 | _cMAIN | ||
| 041 | _aasm | ||
| 082 | _a900 | ||
| 100 |
_aKalita, Ramesh Chandra, _eAuthor. |
||
| 245 |
_aHistory (A) : _bclass XII / _cBy Ramesh Chandra Kalita . |
||
| 260 |
_aGuwahati: _bAshok book stall, _c2008. |
||
| 300 | _a438 p. | ||
| 653 | _aHistory & geography | ||
| 653 | _aHigh secondary history | ||
| 942 | _cBK | ||
| 999 |
_c9253 _d9253 |
||